00512 2200205 4500001002100000008004100021035002000062245007000082100001700152250000600169260003500175300001200210084001400222082000800236650001400244990001200258990001200270990001200282990001200294INLIS000000000000515 ind  a0010-0424000491 aEnsiklopedia Bahasa dan Sastra Indonesia; KosakatacY.Budi Artati aArtati, Budi a1 aKlaten :bIntan Pariwarac2014 a116 hlm a410 BUD e a410 aNon Fiksi a0722088 a0722089 a0722090 a0722091